Australia Decoder - Statistics

General Stats
  • This quiz has been taken 16 times
  • The average score is 18 of 28
Answer Stats
Hint Answer % Correct
C Australia's capital city Canberra
100%
E Flightless bird on the coat of arms Emu
100%
S City with Bondi Beach Sydney
100%
U Alternate name for Ayers Rock Uluru
93%
I "Crocodile Hunter" Irwin
87%
O Nickname of Australia's dry interior Outback
87%
T Island named for Dutch explorer Abel Tasmania
87%
H Capital city of the above Hobart
80%
H Former colonial name of Australia: New _______ Holland
80%
U Last name of country singer Keith Urban
80%
D Capital of the Northern Territory Darwin
73%
O National gemstone of Australia Opal
67%
S In 1990, this animal outnumbered humans in Australia 10 to 1 Sheep
67%
A Rock band formed in 1973 ACDC
60%
R Actress in "Barbie" and "I, Tonya" Robbie
60%
S Slang word for "woman" Sheila
60%
E Egg-laying platypus relative Echidna
53%
N Most famous soap opera Neighbours
53%
N Second largest city in NSW Newcastle
47%
N Island known for its pine trees Norfolk
47%
S Third largest city in Queensland: ________ Coast Sunshine
47%
T Slang word for a flip-flop, or also a female undergarment Thong
47%
D Great Victoria or Gibson, e.g. Desert
40%
R Bundaberg makes this type of liquor Rum
40%
T Ocean strait between Cape York and Papua New Guinea Torres
40%
Under the Southern Cross I stand
33%
E Largest lake (when full) Eyre
20%
R Oldest national park Royal
7%
No matching quizzes found
Score Distribution
Percent of People with Each Score
Percentile by Number Answered
Your Score History
You have not taken this quiz